|
|
|
|
| LEADER |
01058nam a2200301 a 4500 |
| 001 |
4059 |
| 003 |
BD-DhAAL |
| 005 |
20150914110958.0 |
| 008 |
150914s2010 njua b 001 0 eng |
| 010 |
|
|
|a 2008048626
|
| 020 |
|
|
|a 8120318390
|
| 020 |
|
|
|a 9780136079415 (casebound : alk. paper)
|
| 020 |
|
|
|a 0136079415
|
| 040 |
|
|
|a DLC
|c DLC
|d YDX
|d BTCTA
|d YDXCP
|d BD-DhAAL
|
| 050 |
0 |
0 |
|a HF5415
|b .K636 2010
|
| 082 |
0 |
0 |
|a 658.8
|2 22
|
| 100 |
1 |
|
|a Kotler, Philip.
|9 2131
|
| 245 |
1 |
0 |
|a Principles of marketing /
|c Philip Kotler, Gary Armstrong.
|
| 250 |
|
|
|a 9th ed.
|
| 260 |
|
|
|a Upper Saddle River, N.J. :
|a New Delhi :
|b Prentice Hall,
|c c2001.
|
| 300 |
|
|
|a xv, 785 p. :
|b ill. (chiefly col.) ;
|c 28 cm.
|
| 504 |
|
|
|a Includes bibliographical references (p. R1-R26) and indexes.
|
| 541 |
|
|
|e 4059
|
| 650 |
|
0 |
|a Marketing.
|9 14634
|
| 700 |
1 |
|
|a Armstrong, Gary
|q (Gary M.)
|9 14635
|
| 942 |
|
|
|2 ddc
|c BK
|
| 999 |
|
|
|c 35531
|d 35531
|
| 952 |
|
|
|0 0
|1 0
|2 ddc
|4 0
|6 658_800000000000000_KOT
|7 0
|9 55883
|a SCL
|b SCL
|c GEN
|d 2015-09-14
|l 0
|o 658.8 KOT
|p 3020004059
|r 2015-09-14
|t 1
|w 2015-09-14
|y BK
|